| 000 | 00893nam a22002777a 4500 | ||
|---|---|---|---|
| 003 | CHAP | ||
| 005 | 20220329135007.0 | ||
| 008 | 971013s1936 r 00010 eng d | ||
| 010 | _a29214 | ||
| 011 | _a30186 | ||
| 035 | _a34298 | ||
| 040 | _cCHAP | ||
| 090 | _aR-1629 | ||
| 100 | 0 | 0 |
_aLeonard, Mortimer D. _966061 |
| 245 | 1 | 0 |
_aAdditions to the New York State list of aphids with notes on other New York species _c/por Mortimer D. Leonard |
| 500 | _aSobretiro de: J. of the New York Entomological Soc. 44 : 177-185, 1936 | ||
| 590 |
_aBATCH-UPD _b10 _c20130110 _lUCH01 _h1853 |
||
| 590 |
_aBATCH-UPD _b10 _c20130410 _lUCH01 _h1222 |
||
| 590 |
_aBATCH-UPD _b10 _c20130913 _lUCH01 _h2004 |
||
| 590 |
_aCONVERSION _b10 _c20130109 _lUCH01 _h1317 |
||
| 650 | 1 | 4 |
_aAfĂdidos. _91031 |
| 650 | 1 | 4 |
_aAphis. _96231 |
| 901 | _aBK | ||
| 942 | _cREIMP | ||
| 949 |
_aR-1629 _bBC _cR _d-79475 _eTS1 _i34298 _mD _si |
||
| 999 |
_c29214 _d29214 |
||